Estadísticas para Prueba de Corea del Norte

Haz click aquí para intentar la prueba.

Estadísticas generales

  • Esta prueba ha sido intentada 938 veces
  • La puntuación promedio es 11 de 20

Estadísticas de respuestas

PistaRespuesta% Correcto
CapitalPionyang
94%
Técnicamente, Corea del Norte todavía está en guerra con este paísCorea del Sur
91%
Corea del Norte tiene una pequeña frontera de 17 km con este paísRusia
85%
Corea del Norte gasta alrededor del 13-23 % de su PIB en su ....Ejército
75%
Los líderes supremos de Corea del NorteKim {Jong}-{un}
68%
Corea del Norte las probó por primera vez en 2006Armas nucleares
67%
En 2011, la constitución de Corea del Norte fue enmendada para eliminar las referencias a este "ismo"{Comun}ismo
59%
¿En qué ciudad extranjera se encuentran la mayoría de las embajadas de Corea del Norte?Pekín
59%
Con capacidad para 114.000 personas, Rungrado el 1 de mayo _____ es el ______ más grande del mundoEstadio
53%
Los líderes supremos de Corea del NorteKim {Jong}-{il}
52%
Los líderes supremos de Corea del NorteKim {Il}-{sung}
50%
Corea del Norte tiene alrededor de 200.000 de estos - miles de los cuales mueren cada añoPrisioneros {políticos}
49%
Desastre que afectó a Corea del Norte entre 1994 y 1998Hambruna
45%
Mar entre Corea del Norte y ChinaMar Amarillo
41%
La "religión" oficial de Corea del NorteAteísmo
36%
El edificio más alto de Corea del Norte, aún sin terminar después de 33 años de construcción{Hotel} Ryugyong
33%
¿Qué significa DMZ?Zona desmilitarizada
33%
Ideología oficial del estado (comienza con J)Juche
28%
En 1978, Corea del Norte secuestró a Shin Sang-ok y Choi Eun-hee y los obligó a hacer estasPelícula
22%
Apodo de Corea del Norte, debido a su aislamiento de otros países
(También el nombre de una banda de heavy metal peruana)
Reino {Ermitaño}
17%

Distribución de puntuación

Porcentaje por número respondido

Porcentaje de gente con cada puntuación

Historial de tus puntuaciones

No has intentado esta prueba.